000 01130nam a2200241 i 4500
001 bg
100 1 _aCISZEWSKI, Jan
245 1 0 _aObrót prawny z zagranicą w sprawach cywilnych i karnych :
_bprzepisy, wzory pism, komunikaty, informacje o aktach prawa wspólnotowego, wykazy umów, informacje o wzajemności, wykazy sądów zagranicznych, placówek dyplomatycznych i konsularnych oraz innych /
_cJan Ciszewski.
250 _aWyd. 4 zm., wg stanu prawnego na dzień 1 lutego 2004 roku.
260 _aWarszawa :
_bWydaw. Prawnicze "LexisNexis",
_c2004.
300 _a795, [1] s. ;
_c21 cm.
500 _aTekst częśc. ang., fr., niem. Tekst częśc. tł. z ang.
650 9 _aPrawo międzynarodowe procesowe
_ystan na 2004 r.
650 9 _aPrawo prywatne międzynarodowe
_ystan na 2004 r.
020 _a8373342974
040 _cBPK
041 1 _apolengfreger
_heng
080 _a341.9:341.4:343.13:347](094.4)
920 _a83-7334-297-4
942 _cKS
008 s pl f |000 0 pol
999 _c43954
_d43954
856 _uhttp://koha.tu.koszalin.pl/cgi-bin/koha/opac-detail.pl?biblionumber=43954
_yKatalog online BPK